Nửa đời hương phấn = (Trên những phố phường Hồng Kông náo nhiệt)
שמור ב:
| מחבר ראשי: | |
|---|---|
| פורמט: | ספר |
| שפה: | Undetermined |
| יצא לאור: |
Lao Động
2002
|
| תגים: |
הוספת תג
אין תגיות, היה/י הראשונ/ה לתייג את הרשומה!
|
| Thư viện lưu trữ: | Trung tâm Học liệu Trường Đại học Cần Thơ |
|---|
| LEADER | 00516nam a2200157Ia 4500 | ||
|---|---|---|---|
| 001 | CTU_49058 | ||
| 008 | 210402s9999 xx 000 0 und d | ||
| 082 | |a 843.914 | ||
| 082 | |b M412 | ||
| 100 | |a Richard Mason | ||
| 245 | 0 | |a Nửa đời hương phấn = | |
| 245 | 0 | |b (Trên những phố phường Hồng Kông náo nhiệt) | |
| 245 | 0 | |c Richard Mason; Nguyễn Văn Dân (dịch) | |
| 260 | |b Lao Động | ||
| 260 | |c 2002 | ||
| 980 | |a Trung tâm Học liệu Trường Đại học Cần Thơ | ||